| 000 | 00000nam 2200000zi 4500 |
| 001 | 9.947341 |
| 003 | CaOODSP |
| 005 | 20250515155642 |
| 006 | m o d f |
| 007 | cr mn||||||||| |
| 008 | 250124t20242024pic o f000 0 fre d |
| 020 | |a9780660754123 |
| 040 | |aCaOODSP|bfre|erda|cCaOODSP |
| 043 | |an-cn--- |
| 086 | 1 |aV32-401/2025F-PDF |
| 245 | 00|aAttitudes à l'égard de la commémoration et de la Semaine des vétérans 2024 : |brapport final / |cpréparé pour Anciens combattants Canada. |
| 264 | 1|a[Charlottetown, Î.-P.-É.] : |bAnciens combattants Canada = Veterans Affairs Canada, |c2024. |
| 264 | 4|c©2024 |
| 300 | |a1 ressource en ligne (50 pages non numérotées) |
| 336 | |atexte|btxt|2rdacontent/fre |
| 337 | |ainformatique|bc|2rdamedia/fre |
| 338 | |aressource en ligne|bcr|2rdacarrier/fre |
| 500 | |aTitre de la couverture. |
| 500 | |a« Décembre 2024. » |
| 500 | |a« Nom du fournisseur : Nanos Research. » |
| 500 | |a« Numéro de contrat : CW2378244. » |
| 500 | |a« Numéro d'enregistrement : ROP 061-24. » |
| 500 | |aPublié aussi en anglais sous le titre : Attitudes towards remembrance and Veterans' Week 2024 : final report. |
| 520 | |a« Tous les Canadiens déclarant être au courant du jour du Souvenir (100 %), ce qui correspond aux résultats de 2022 (97 %). Près de la moitié des répondants (47 %) déclarent connaître la Semaine des vétérans, une baisse par rapport à 57 % en 2022. La sensibilisation à la Semaine des vétérans variait auparavant de 54 % à 58 % depuis le début du suivi en 2012 » -- Principales constatations. |
| 650 | 6|aJour du Souvenir|zCanada|xOpinion publique. |
| 650 | 6|aAnciens combattants|zCanada|xOpinion publique. |
| 650 | 6|aOpinion publique|zCanada. |
| 710 | 1 |aCanada. |bAnciens combattants Canada, |eorganisme de publication. |
| 710 | 2 |aNanos Research (Firme), |econsultant. |
| 775 | 08|tAttitudes towards remembrance and Veterans' Week 2024 : |w(CaOODSP)9.947340 |
| 795 | |tAttitudes à l'égard de la commémoration et de la Semaine des vétérans 2022 : |w(CaOODSP)9.919777 |
| 856 | 40|qPDF|s968 Ko|uhttps://publications.gc.ca/collections/collection_2025/acc-vac/V32-401-2025-fra.pdf |
| 856 | 4 |qHTML|sS.O.|uhttps://epe.bac-lac.gc.ca/100/200/301/pwgsc-tpsgc/por-ef/veterans_affairs_canada/2024/061-24-f/061-24-rapport.html |